000 00361nam a22001577a 4500
003 OSt
005 20240322143637.0
008 190427b xxu||||| |||| 00| 0 eng d
020 _aNIL
040 _cIIMT UNIVERSITY
100 _aDAVAS R.S
245 _aPERSONAL MARKETING
260 _aNOIDA
_bVIKAS PUBLICATION
_c1976
300 _a421
942 _2ddc
_c02
999 _c46922
_d46922